| 000 | 00000nam 2200000zi 4500 |
| 001 | 9.953245 |
| 003 | CaOODSP |
| 005 | 20250808113535 |
| 006 | m o d f |
| 007 | cr |n||||||||| |
| 008 | 250715e202408##quc ob f|0| 0 eng d |
| 040 | |aCaOODSP|beng|erda|cCaOODSP |
| 043 | |an-cn--- |
| 086 | 1 |aSE3-143/2024E-PDF |
| 245 | 00|aImpacts of an October 2025 fixed-date general election on religious and cultural groups : |bconsultation report. |
| 246 | 17|aImpacts of a fixed-date general election on religious and cultural groups consultation report |
| 264 | 1|a[Gatineau, Quebec] : |bElections Canada, |cAugust 2024. |
| 300 | |a1 online resource (32 pages) |
| 336 | |atext|btxt|2rdacontent |
| 337 | |acomputer|bc|2rdamedia |
| 338 | |aonline resource|bcr|2rdacarrier |
| 500 | |aIssued also in French under title: Répercussions d’une élection générale à date fixe en octobre 2025 sur les groupes religieux et culturels : rapport de consultation. |
| 504 | |aIncludes bibliographical references. |
| 650 | 0|aElections|zCanada|xManagement. |
| 650 | 0|aMinorities|xPolitical activity|zCanada. |
| 650 | 0|aReligious minorities|xPolitical activity|zCanada. |
| 710 | 2 |aElections Canada, |eissuing body. |
| 775 | 08|tRépercussions d’une élection générale à date fixe en octobre 2025 sur les groupes religieux et culturels : |w(CaOODSP)9.953904 |
| 856 | 40|qPDF|s783 KB|uhttps://publications.gc.ca/collections/collection_2025/elections/SE3-143-2024-eng.pdf |
| 856 | 4 |qHTML|sN/A|uhttps://www.elections.ca/content.aspx?section=res&dir=rep/oth/imp&document=index&lang=e |